000 00574nam a2200193Ia 4500
005 20250507130343.0
008 008 250505s9999 xx 000 0 eng d
020 _a0-670-84716-X
037 _aAnnuals, Advances
040 _aEASL
_beng
_cEASL
041 _aeng
_2eng
084 _aV42.e6.N5<-N3, N5
_qEASL
100 _aLeckie Robert Au.
_9665203
245 0 _aOkinawa:The last battle of world war II
260 _aUK
_bPenguin Penguin books
_c1995
300 _a220p.
942 _cTEXL
_hV42.e6.N5<-N3, N5
999 _c1319182
_d1319182